01584nam a22002297a 450000500170000000800410001702000150005804000070007304100080008008200210008810000200010924500250012926000380015430000280019236500140022052010000023465000340123465000240126865000210129265000190131370000220133220221221131734.0221221b ||||| |||| 00| 0 eng d a0853035954 cAL aeng 223a305.89bBENL aHadassa Benitto aLie that wouldnt die aLondonbVallentine Mitchellc2005 axxi,390p.bPBc23x15cm. 2Sociology aOf all the libels that have served as a means of incitement of hate against Jews, and as intellectual justification of anti-Semitism, the myth of the so-called 'Jewish Conspiracy' to gain domination of the whole world, as embodied in the forged Protocols of the Elders of Zion, is probably the most devious and the most dangerous. Previously only analyzed in academic, footnoted studies, the history of the Protocols is presented here by Judge Hadassa Ben-Itto in an eminently readable, fascinating account, telling the stories of the numerous people involved over the hundred years that the forgery has existed. Above all, this is the story of a judge who follows the Protocols into lawyers' chambers and into courtrooms in Switzerland, in South Africa, in Germany, in the United States and in Russia, and presents the reader with a detailed critical analysis of legal proceedings which culminated in fascinating courtroom drama. The truth is revealed again and again, but the lie wouldn't die. aEncounters with the Protocols aSourth African Saga aJustice in Berne aUnmasking Myth aBENITTO (Hadassa)